Исследование и разработка двухпозиционной САР пускового тока двигателя последовательного возбуждения: диссертация на соискание ученой степени кандидата технических наук; спец. 05.09.03

Bibliografiset tiedot
Päätekijä: Михеев Ю. Ф. Юрий Филиппович
Yhteisötekijät: Томский инженерно-строительный институт (ТИСИ), Томский институт автоматизированных систем управления и радиоэлектроники (ТИАСУР) Научно-исследовательский институт автоматики и электромеханики (НИИ АЭМ)
Muut tekijät: Зайцев А. П. Александр Петрович (научный руководитель)
Kieli:venäjä
Julkaistu: Томск, 1973
Aiheet:
Aineistotyyppi: MixedMaterials Kirja
KOHA link:https://koha.lib.tpu.ru/cgi-bin/koha/opac-detail.pl?biblionumber=128819

MARC

LEADER 00000nbm0a2200000 4500
001 128819
005 20231031133114.0
035 |a (RuTPU)RU\TPU\book\139410 
090 |a 128819 
100 |a 20080115d1973 k y0rusy50 ca 
101 0 |a rus 
102 |a RU 
105 |a a m 001zy 
200 1 |a Исследование и разработка двухпозиционной САР пускового тока двигателя последовательного возбуждения  |e диссертация на соискание ученой степени кандидата технических наук  |e спец. 05.09.03  |f Ю. Ф. Михеев  |g Томский инженерно-строительный институт (ТИСИ) ; Научно-исследовательский институт автоматики и электромеханики ; науч. рук. А. П. Зайцев 
210 |a Томск  |d 1973 
215 |a 164 л.  |c ил. 
320 |a Библиогр.: с. 146-157 (109 назв.) 
610 1 |a диссертации 
610 1 |a САР 
610 1 |a двигатели 
610 1 |a последовательное возбуждение 
610 1 |a ток 
610 1 |a электродвигатели тяговые 
610 1 |a вихревые токи 
610 1 |a намагничивание 
610 1 |a нелинейность 
610 1 |a электромагнитные переходы 
610 1 |a тиристорные прерыватели 
610 1 |a релейные системы 
610 1 |a анализ 
610 1 |a моделирование процесса 
610 1 |a экспериментальное исследование 
675 |a 621.333(048)  |v 3 
686 |a 05.09.03  |2 oksvnk 
700 1 |a Михеев  |b Ю. Ф.  |g Юрий Филиппович 
702 1 |a Зайцев  |b А. П.  |c специалист в области автоматического управления  |c доцент Томского политехнического университета  |f 1937-  |g Александр Петрович  |2 stltpush  |3 (RuTPU)RU\TPU\pers\29358  |4 727 
712 0 2 |a Томский инженерно-строительный институт (ТИСИ)  |2 stltpush  |3 (RuTPU)RU\TPU\col\7823 
712 0 2 |a Томский институт автоматизированных систем управления и радиоэлектроники (ТИАСУР)  |b Научно-исследовательский институт автоматики и электромеханики (НИИ АЭМ)  |2 stltpush  |3 (RuTPU)RU\TPU\col\4284 
801 1 |a RU  |b 63413507  |c 20080115  |g PSBO 
801 2 |a RU  |b 63413507  |c 20220301  |g PSBO 
942 |c BK